Advances in composite materials and structures : (Record no. 15733)

000 -LEADER
fixed length control field 00634cam a22001577a 4500
020 ## - INTERNATIONAL STANDARD BOOK NUMBER
ISBN 9780878494279 (set : pbk.)
020 ## - INTERNATIONAL STANDARD BOOK NUMBER
ISBN 0878494278 (set : pbk.)
040 ## - CATALOGING SOURCE
Transcribing agency UKM
082 04 - DEWEY DECIMAL CLASSIFICATION NUMBER
Classification number 620 TRA 2007 A056 Or.
245 10 - TITLE STATEMENT
Title Advances in composite materials and structures :
Remainder of title special issue containing the proceedings of 5th Asian-Australasian conference on composite materials (ACCM-5), 27-30 November 2006, Hong Kong /
260 ## - PUBLICATION, DISTRIBUTION, ETC. (IMPRINT)
Place of publication Stafa-Zuerich ;
-- Enfield, N.H. :
Name of publisher Trans Tech Publications Ltd.,
Year of publication c2007.
300 ## - PHYSICAL DESCRIPTION
Number of Pages 2 v. (xxv, 1282 p.) :
Other physical details ill. ;
Dimensions 25 cm.
650 #0 - SUBJECT ADDED ENTRY--TOPICAL TERM
Topical Term Composite materials
700 1# - ADDED ENTRY--PERSONAL NAME
Personal name Kim, Jang-Kyo.
942 ## - ADDED ENTRY ELEMENTS (KOHA)
Koha item type សៀវភៅភាសាអង់គ្លេស
952 ## - LOCATION AND ITEM INFORMATION (KOHA)
Withdrawn status [LOCAL, KOHA] 0
Holdings
Permanent Location Date acquired Koha item type Lost status Shelving location Barcode Current Location Full call number
Library Block A2017-12-08សៀវភៅភាសាអង់គ្លេស A056A11153Library Block A620 TRA 2007 A056 Or.
មជ្ឈមណ្ឌលឯការនៃសាកលវិទ្យាល័យភូមិន្ទកសិកម្មចំការដូង

Powered by Koha